| 000 | 01019cam a22002897a 4500 | ||
|---|---|---|---|
| 003 | CHAP | ||
| 005 | 20220329133901.0 | ||
| 008 | 971013s1969 r 00010 d | ||
| 010 | _a12227 | ||
| 011 | _a13199 | ||
| 035 | _a17270 | ||
| 040 | _cCHAP | ||
| 082 |
_a551.5943 _bH3 1969 |
||
| 100 | 0 | 0 |
_aHastings, James Rodney. _953052 |
| 245 | 0 | _aClimatological data and statistics for Sonora and Northern Sinaloa | |
| 260 |
_aTucson : _bUniversity of Arizona. Institute of Athmospheric Physics, _c1969 |
||
| 300 | _a96 p. | ||
| 490 | 0 |
_aTechnical reports on the meteorology and climatology of arid regions _v; 19 |
|
| 590 |
_aBATCH-UPD _b10 _c20130110 _lUCH01 _h2326 |
||
| 590 |
_aCONVERSION _b10 _c20130109 _lUCH01 _h1308 |
||
| 650 | 1 | 4 |
_aClima _xSinaloa. _923843 |
| 650 | 1 | 4 |
_aClima _xSonora. _923844 |
| 830 | 0 |
_aTechnical reports on the meteorology and climatology of arid regions _v; 19 _9111912 |
|
| 901 | _aBK | ||
| 942 | _cLIBRO | ||
| 949 |
_a551.5943 H3 1969 _bBC _cLIBRO _d33724000518130 _eLIBRO _h29905 _i17270 _mD _si |
||
| 999 |
_c12227 _d12227 |
||